000 00973nam a2200241Ia 4500
001 10355
003 GE_BSU
008 181216s||||||||xx |||||||||||||| ||und||
020 _a9789941108334.
040 _cGE_BSU
080 _a911.52(479.22)
100 _aდავითაია,ეთერ; სეფერთელაძე,ზურაბ
245 _aლანდშაფტმცოდნეობა და ლანდშაფტურ -ეკოლოგიური პრობლემები.
245 _cრედ:დალი ნიკოლაიშვილი
260 _aთბილისი.
260 _bმერიდიანი.
260 _c2014
300 _a321გვ;24სმ.
300 _bცხრ;რუკა
541 _h15ლ.
653 _aლანდშაფტმცოდნეობა და ლანდშაფტურ -ეკოლოგიური პრობლემები.
942 _cBK
999 _c43620
_d43620